|
|
|
|
| LEADER |
00000nkmaa2200000 a 4500 |
| 001 |
vtls011598649 |
| 003 |
SK-MaSNL |
| 005 |
20260301140104.0 |
| 007 |
kh bo |
| 008 |
230802e1951 xo | |||0 k|slo |
| 035 |
|
|
|a 8DFEA093-0C09-47E8-9DC8-D453524ACDA3
|
| 035 |
|
|
|a urn:nbn:sk:snk-km3m1rt
|
| 035 |
|
|
|a urn:nbn:sk:snk-km00e4nd
|
| 040 |
|
|
|a SNKLA
|b slo
|c SNKLA
|e AACR2
|
| 041 |
0 |
|
|a slo
|
| 044 |
|
|
|a xo
|c SK
|
| 110 |
2 |
|
|a Československá tlačová kancelária (Slovensko)
|4 aut
|9 55799
|
| 245 |
1 |
0 |
|a [Pohreb Boženy Slančíkovej-Timravy v Lučenci]
|h grafika
|
| 260 |
|
|
|a [S.l.
|b s.n.]
|c 1951
|
| 300 |
|
|
|a 1 fotografia
|b čb
|c 14 x 19 cm
|
| 520 |
2 |
|
|a Zobrazenie: Pohreb Boženy Slančíkovej-Timravy v Lučenci, 30.11.1951. Na obr.: účastníci pohrebu nesú veniec od prezidenta republiky.
|
| 600 |
0 |
7 |
|a Timrava,
|d 1867-1951
|2 SNKMA
|9 37213
|
| 650 |
0 |
7 |
|a pohreby
|2 SNKPH
|9 1976
|
| 651 |
|
7 |
|a Lučenec (Slovensko)
|2 SNKPH
|9 29545
|
| 655 |
|
7 |
|a fotografie
|2 SNKPH
|9 70713
|
| 852 |
7 |
|
|a Slovenská národná knižnica
|b Literárny archív
|
| 958 |
|
|
|a ZO
|
| 958 |
|
|
|a BLA
|
| 999 |
|
|
|c 762413
|d 764343
|
| 952 |
|
|
|a SNKLA
|b SNKLA
|c SNKLA_DEP
|y NEVYP
|7 0
|p 17A1008530
|o snkK 21/21
|i snkLA 1694/1973
|0 0
|1 0
|4 0
|d 2016-12-09
|f 1
|l 0
|r 2026-02-24 00:08:50
|w 2026-02-24
|